00485nam a2200181 a 4500001001300000003000900013005001700022008004100039020002300080082001300103100001500116245006500131260003800196300000900234500003500243505001000278700001500288nice12345678IN_TiNIC20260116014232.0050524s2004 dela grp 000 0 eng  a818868323X c40000a291bJAG aJagat, Pal aKarma, Dharma and Moksha, Conceptual Essays on Indian Ethics aDelhibAbhijeet Publishers c2004 a159p aincludes index and biblioraphy2 aIndex1 aJagat, Pal